Seasonal fluctuations in the price of natural rubber in India (Record no. 68491)

MARC details
000 -LEADER
fixed length control field 01442nam a2200193Ia 4500
100 ## - MAIN ENTRY--AUTHOR NAME
Personal name Ipe C V
245 #0 - TITLE STATEMENT
Title Seasonal fluctuations in the price of natural rubber in India
260 ## - PUBLICATION, DISTRIBUTION, ETC. (IMPRINT)
Name of publisher Indian Journal of Natural Rubber Research
Year of publication 1988
300 ## - PHYSICAL DESCRIPTION
Number of Pages 31-34
520 ## - SUMMARY, ETC.
Summary, etc The paper analyses the seasonal variations in rubber prices. The analysis showed that the seasonal index was the highese in July and the lowest in December. Production of rubber showed marked seasonality. The analysis of price in relation to productioin and consumption showed that seasonality in prriaces was not much pronounced during months in which production change was predominant, which in turn point to the possibility of oligopsony in the buying market. During the peak production period, consumption was found to fall resulting in low prices. This necissitates the need for buffer stock operations so as to buy and store excess supplies and hold them off the market in times of falling prices and release them when the prices rise. The producer is benefited by stabilisation of his income and the manufacturer through an assured supply of raw material.
650 ## - SUBJECT ADDED ENTRY--TOPICAL TERM
Topical Term Natural Rubber Consumption
650 ## - SUBJECT ADDED ENTRY--TOPICAL TERM
Topical Term Natural Rubber Prices
650 ## - SUBJECT ADDED ENTRY--TOPICAL TERM
Topical Term Natural Rubber Production
650 ## - SUBJECT ADDED ENTRY--TOPICAL TERM
Topical Term Natural Rubber Stock
650 ## - SUBJECT ADDED ENTRY--TOPICAL TERM
Topical Term Oligopsony
650 ## - SUBJECT ADDED ENTRY--TOPICAL TERM
Topical Term Seasonal Fluctuations in Rubber Prices
942 ## - ADDED ENTRY ELEMENTS (KOHA)
Koha item type Journals
Holdings
Withdrawn status Lost status Damaged status Not for loan Home library Current library Date acquired Serial Enumeration / chronology Koha item type
      Journals RRII Library RRII Library 17/12/2021 Volume 1, Issue 1 Journals